000 00769nam a2200241 a 4500
999 _c447530
_d447530
003 BLK
005 20230628121744.0
008 220302b bul|||||r ||||||| ||bul||
040 _aBLK
041 _aBUL
_cBUL
080 _aХорове
_b78.087.68
_x(497.215)(062)
_z78.087.68(497.215)(062)
139 _bХ 66
245 1 0 _aХор "Дунавски звуци" - Русе
_h[Малотир. изд.]
246 _aDanube Sounds choir - Rousse
260 _aРусе
_bб. и.
_c1996
300 _a20 с.
_c22 см
380 _a7
653 7 _9196848
_aсмесени хорове
653 7 _9200084
_aхор Дунавски звуци
852 _bК
_cК 78/Х 66
942 _cKNG
_n0
_s1
_01
944 _aCR
_c2022-03-08
_kХристина Везирева